00515nam a2200157Ia 450000500170000000800410001708200130005810000220007124500700009326000360016330000160019965000220021594200060023795200990024399900150034220250405110135.0240331s9999 xx 000 0 und d bSIVa894 aSivakumaran, K.S. 0aPaththi eluththukkalum pal thirattukalum :bthiranaivuppaarvaihal aColombobSevwandi Pvt Ltdc1996 ax, 129 p ., aCritical Insights cL 001040708LaWERCLbWERCLcSSCd2024-03-31l0o 894.811 SIVp2330r2024-03-31w2024-03-31yL c3769d3769